书目信息 |
| 题名: |
线性与非线性电子线路基础
|
|
| 作者: | 方烈敏 编著 | |
| 分册: | ||
| 出版信息: | 上海 上海大学出版社 2010.01 |
|
| 页数: | 264页 | |
| 开本: | 26cm | |
| 丛书名: | ||
| 单 册: | ||
| 中图分类: | TN710 , TN711.4 | |
| 科图分类: | ||
| 主题词: | 线性电路--xian xing dian lu--高等学校--教材 , 非线性电路--fei xian xing dian lu--高等学校--教材 | |
| 电子资源: | ||
| ISBN: | 978-7-81118-555-3 | |
| 000 | 01107nam0 2200277 450 | |
| 001 | 012010350963 | |
| 005 | 20100411181846.42 | |
| 010 | @a978-7-81118-555-3@dCNY28.00 | |
| 100 | @a20100411d2010 em y0chiy0120 ea | |
| 101 | 0 | @achi |
| 102 | @aCN@b310000 | |
| 105 | @aa a 000yy | |
| 106 | @ar | |
| 200 | 1 | @a线性与非线性电子线路基础@Axian xing yu fei xian xing dian zi xian lu ji chu@f方烈敏编著@Ffang lie min bian zhu |
| 210 | @a上海@c上海大学出版社@d2010.01 | |
| 215 | @a264页@c图@d26cm | |
| 300 | @a上海市高校教育高地建设项目 | |
| 320 | @a有书目 | |
| 330 | @a本教材在内容安排上尝试将线性电子线路和非线性电子线路合二为一,在满足系统性的前提下,适当删减了非线性电子线路的内容,对于各种单元电路着重强调基本概念、基本原理、基本分析方法和基本设计方法;对于集成电路,则在讲清电路的组成原理基础上,着重强调其应用。 | |
| 606 | 0 | @a线性电路@Axian xing dian lu@x高等学校@j教材 |
| 606 | 0 | @a非线性电路@Afei xian xing dian lu@x高等学校@j教材 |
| 690 | @aTN710@v4 | |
| 690 | @aTN711.4@v4 | |
| 701 | 0 | @a方烈敏@Afang lie min@4编著 |
| 801 | 0 | @aCN@bQSSK@c20100411 |
| 905 | @b776397-99@dTN710@eF214@f3 | |
| 线性与非线性电子线路基础/方烈敏编著.-上海:上海大学出版社,2010.01 |
| 264页:图;26cm |
| 上海市高校教育高地建设项目 |
| ISBN 978-7-81118-555-3:CNY28.00 |
| 本教材在内容安排上尝试将线性电子线路和非线性电子线路合二为一,在满足系统性的前提下,适当删减了非线性电子线路的内容,对于各种单元电路着重强调基本概念、基本原理、基本分析方法和基本设计方法;对于集成电路,则在讲清电路的组成原理基础上,着重强调其应用。 |
| ● |
| 相关链接 |
|
|
|
正题名:线性与非线性电子线路基础
索取号:TN710/F214
 
预约/预借
| 序号 | 登录号 | 条形码 | 馆藏地/架位号 | 状态 | 备注 |
| 1 | 776397 | 207763972 | 自科库301/301自科库 30排1列2层/ [索取号:TN710/F214] | 在馆 | |
| 2 | 776398 | 207763981 | 自科库301/301自科库 30排1列2层/ [索取号:TN710/F214] | 在馆 | |
| 3 | 776399 | 207763990 | 自科库301/301自科库 30排1列2层/ [索取号:TN710/F214] | 在馆 |